Villes traversées par l'autoroute A25 - Statistiques

Statistiques générales
  • Ce quiz a été pris 16 fois
  • Le résultat moyen est 5 sur 6
Statistiques - réponses
ville population kilomètre % Correct
Dunkerque 85 751 74
100%
Lille 238 847 0
100%
Armentières 25 812 19
79%
Hazebrouck 21 369 36
64%
Bailleul 15 138 29
57%
Loos 23 851 6
50%
Aucun quiz correspondant
Distribution des résultats
% des personnes avec chaque résultat
Percentile par nombre de réponses
Votre historique - résultats
Vous n’avez pas pris ce quiz